| 000 | 00396nam a2200169Ia 4500 | ||
|---|---|---|---|
| 008 | 180424s9999 xx 000 0 und d | ||
| 084 | _a155 C1 | ||
| 100 | _a"Craig, Grace J" | ||
| 245 | 0 | _aHuman Development | |
| 250 | _a\\197600ENGGPSX | ||
| 260 | _aPrentice Hall | ||
| 260 | _b1976 | ||
| 260 | _cLondon | ||
| 300 | _aviii+498p | ||
| 500 | _aincludes index and biblioraphy | ||
| 942 | _cBK | ||
| 999 |
_c51156 _d51156 |
||